000 00745cam a22002534a 4500
001 13236299
005 20180123082421.0
008 030612s2003 caua b 001 0 eng
010 _a 2003108365
020 _a0534614116
035 _a(DLC) 2003108365
040 _aDLC
_cDLC
_dDLC
041 _aeng
042 _apcc
080 _a300.72 KEN
082 0 0 _a300.72 KEN
_222
100 1 _a51
101 _aSOC
245 1 4 _aThe elements of social scientific thinking /
_cKenneth Hoover, Todd Donovan.
504 _aIncludes bibliographical references and index.
906 _a7
_bcbc
_corignew
_d2
_eepcn
_f20
_gy-gencatlg
942 _2ddc
_cBK
999 _c40791
_d40791